000 00371nam a22001577a 4500
003 CEME
005 20210628205253.0
008 210225b xxu||||| |||| 00| 0 eng d
040 _c.
082 _a297.12 QUR'S
100 _aSiddique, Sana-Ul-Ha
_974688
245 _aQuran bibal aur scinec
260 _aLAHORE
_bNIGARSHAT
_c1995
300 _a402P
942 _cBK
_2ddc
999 _c580194
_d580194